The good body : A novel
Gespeichert in:
| 1. Verfasser: | |
|---|---|
| Format: | Buch |
| Sprache: | Undetermined |
| Veröffentlicht: |
Canada
Cormorant Books
2000
|
| Schlagworte: | |
| Tags: |
Tag hinzufügen
Keine Tags, Fügen Sie den ersten Tag hinzu!
|
| Thư viện lưu trữ: | Trung tâm Học liệu Trường Đại học Cần Thơ |
|---|
| LEADER | 00438nam a2200169Ia 4500 | ||
|---|---|---|---|
| 001 | CTU_55989 | ||
| 008 | 210402s9999 xx 000 0 und d | ||
| 082 | |a 813.54 | ||
| 082 | |b G256 | ||
| 100 | |a Bill Gaston | ||
| 245 | 4 | |a The good body : A novel | |
| 245 | 0 | |c Bill Gaston | |
| 260 | |a Canada | ||
| 260 | |b Cormorant Books | ||
| 260 | |c 2000 | ||
| 650 | |a Canadian - Literature | ||
| 980 | |a Trung tâm Học liệu Trường Đại học Cần Thơ | ||